Guess the Country Flags With Crescents - Statistics

General Stats
  • This quiz has been taken 58 times
    49 since last reset
  • The average score is 13 of 18
Answer Stats
Picture Answer % Correct
Tunisia
100%
Turkey
100%
Pakistan
93%
Singapore
93%
Iran
90%
Mauritania
83%
Brunei
73%
Mongolia
70%
Comoros
67%
Libya
67%
Nepal
67%
Turkmenistan
67%
Algeria
63%
Malaysia
60%
Maldives
53%
Azerbaijan
50%
Uzbekistan
47%
Croatia
23%
No matching quizzes found
Score Distribution
Percent of People with Each Score
Percentile by Number Answered
Your Score History
You have not taken this quiz since the last reset